[Event "24th ch-EUR Indiv 2024"]
[Site "Petrovac MNE"]
[Date "2024.11.09"]
[Round "2.127"]
[White "Bodrogi, Bendeguz"]
[Black "Ceyhan, Mert"]
[Result "1-0"]
[WhiteTitle "FM"]
[WhiteElo "2358"]
[BlackElo "2114"]
[WhiteFideId "790303"]
[BlackFideId "44515820"]
[EventDate "2024.11.08"]

1. Nf3 c5 2. g3 Nc6 3. Bg2 g6 4. c4 Bg7 5. Nc3 d6 6. O-O e6 7. e3 Nge7 8. d4 O-O
9. Re1 Nf5 10. d5 exd5 11. Nxd5 Nfe7 12. Nf4 Rb8 13. Qe2 b6 14. Rd1 Qc7 15. Nd2
Ne5 16. Ne4 Rd8 17. Nc3 Ba6 18. Nb5 Bxb5 19. cxb5 d5 20. Nxd5 Nxd5 21. Bxd5 c4
22. e4 Nd3 23. Rb1 Qc5 24. Be3 Qxb5 25. b3 Nb4 26. Bxc4 Qa5 27. Qf3 Qxa2 28.
Qxf7+ Kh8 29. e5 Rf8 30. Qd7 Bxe5 31. Qd6 Qa5 32. Bd4 Bg7 33. Bxg7+ Kxg7 34.
Qe7+ Kh6 35. Rd7 Rh8 36. Qg7+ Kg5 37. h4+ Kg4 38. Qd4+ 1-0

[Event "24th ch-EUR Indiv 2024"]
[Site "Petrovac MNE"]
[Date "2024.11.09"]
[Round "2.128"]
[White "Nikcevic, Nebojsa"]
[Black "Odabasi, Ruzgar"]
[Result "0-1"]
[WhiteTitle "GM"]
[WhiteElo "2354"]
[BlackElo "2114"]
[WhiteFideId "901776"]
[BlackFideId "51604787"]
[EventDate "2024.11.08"]

1. d4 Nf6 2. c4 g6 3. f3 Bg7 4. e4 d6 5. Ne2 O-O 6. Be3 Nbd7 7. Qd2 c5 8. d5 Ne5
9. Nec3 e6 10. Be2 exd5 11. cxd5 Ne8 12. O-O f5 13. a4 fxe4 14. Nxe4 Bf5 15.
Nbc3 Qa5 16. Rfd1 Nf7 17. Ng3 Bd7 18. Bb5 Nf6 19. Qc2 a6 20. Bf1 Ne5 21. Bd2 Qc7
22. a5 Rae8 23. h3 Bc8 24. f4 Nf7 25. f5 Ne5 26. fxg6 hxg6 27. Re1 Qf7 28. Rad1
Nfg4 29. Nce4 Nf2 30. Ng5 Nxh3+ 31. Nxh3 Bxh3 32. Bc3 Bg4 33. Rd2 Nf3+ 34. gxf3
Rxe1 35. Rf2 Bxc3 36. Qxc3 Re5 37. f4 Re7 38. Bd3 Qg7 39. Ne4 Qxc3 40. Nxc3 Bf5
41. Bc4 Rfe8 42. Na4 Re1+ 43. Kh2 R8e3 44. Nb6 Rh3+ 45. Kg2 Reh1 0-1

[Event "24th ch-EUR Indiv 2024"]
[Site "Petrovac MNE"]
[Date "2024.11.09"]
[Round "2.129"]
[White "Bashylina, Luisa"]
[Black "Novosel, Lovro"]
[Result "1-0"]
[WhiteTitle "WFM"]
[BlackTitle "FM"]
[WhiteElo "2105"]
[BlackElo "2353"]
[WhiteFideId "12983292"]
[BlackFideId "14547120"]
[EventDate "2024.11.08"]

1. d4 Nf6 2. c4 e6 3. Nc3 Bb4 4. a3 Bxc3+ 5. bxc3 O-O 6. e3 Nc6 7. Bd3 b6 8. e4
e5 9. Ne2 Re8 10. f3 h6 11. O-O d6 12. Be3 Na5 13. Ng3 c5 14. d5 Bd7 15. a4 a6
16. h3 Nh7 17. f4 Qe7 18. fxe5 Qxe5 19. Qe1 Nf8 20. Bf4 Qe7 21. Nh5 Ng6 22. Qg3
Nb7 23. Rae1 Bxa4 24. e5 dxe5 25. Bxg6 fxg6 26. Qxg6 Rf8 27. Rxe5 Qf7 28. Qxb6
Rae8 29. Rxe8 Rxe8 30. Ng3 Qd7 31. Qg6 Rf8 32. Qxa6 Bc2 33. Be3 Re8 34. Bf2 Rf8
35. Rc1 Bd3 36. Rd1 Bh7 37. Qc6 Qe7 38. d6 Qf7 39. Bxc5 Na5 40. Qd5 Bc2 41.
Qxf7+ 1-0

[Event "24th ch-EUR Indiv 2024"]
[Site "Petrovac MNE"]
[Date "2024.11.09"]
[Round "2.130"]
[White "Yurtseven, Melih"]
[Black "Sakmak, Kutay"]
[Result "0-1"]
[WhiteTitle "IM"]
[WhiteElo "2348"]
[BlackElo "2104"]
[WhiteFideId "6312160"]
[BlackFideId "44581939"]
[EventDate "2024.11.08"]

1. c4 Nf6 2. Nc3 d5 3. cxd5 Nxd5 4. Nf3 g6 5. h4 Bg7 6. h5 Nc6 7. g3 Bf5 8. Bg2
Ncb4 9. O-O Nxc3 10. bxc3 Nc2 11. Rb1 Ne3 12. fxe3 Bxb1 13. d3 c6 14. Ng5 Bxa2
15. Qa4 Bd5 16. e4 Qb6+ 17. d4 Bb3 18. Qa3 O-O 19. Qxe7 Rae8 20. Qa3 Bc4 21. Bf3
h6 22. Nh3 g5 23. Nf2 Be6 24. e5 f6 25. exf6 Rxf6 26. Ne4 Rff8 27. Nc5 Qc7 28.
Kh2 Bd5 29. Qb2 g4 30. Bf4 gxf3 31. Bxc7 Rxe2+ 32. Qxe2 fxe2 33. Rxf8+ Bxf8 34.
Nd3 Bc4 35. Ne1 c5 36. Kg2 cxd4 37. cxd4 Bg7 38. Be5 Bxe5 39. dxe5 b5 40. Kf3 a5
41. Ke3 a4 42. Kd2 b4 43. Nc2 b3 44. Na3 b2 45. g4 Ba2 46. Kxe2 b1=Q 47. Nxb1
Bxb1 48. Kd2 Be4 49. Kc3 Bf3 50. Kb4 Bxg4 0-1

[Event "24th ch-EUR Indiv 2024"]
[Site "Petrovac MNE"]
[Date "2024.11.09"]
[Round "2.131"]
[White "Willim, Michael"]
[Black "Dalaud, Dorian"]
[Result "0-1"]
[BlackTitle "FM"]
[WhiteElo "2102"]
[BlackElo "2348"]
[WhiteFideId "4632435"]
[BlackFideId "36093270"]
[EventDate "2024.11.08"]

1. d4 Nf6 2. c4 g6 3. Nc3 Bg7 4. e4 d6 5. Nf3 O-O 6. Be2 Na6 7. O-O e5 8. Be3 c6
9. d5 Ng4 10. Bg5 f6 11. Bc1 f5 12. exf5 gxf5 13. Bg5 Nf6 14. Qd2 Nc7 15. dxc6
bxc6 16. Rad1 Ne6 17. Qxd6 Qxd6 18. Rxd6 Ne4 19. Be7 Re8 20. Nxe4 fxe4 21. Nh4
Nf4 22. Bd1 Rxe7 23. Rd8+ Bf8 24. Bg4 Ne6 25. Rd6 Nd4 26. Rd8 Bb7 0-1

[Event "24th ch-EUR Indiv 2024"]
[Site "Petrovac MNE"]
[Date "2024.11.09"]
[Round "2.132"]
[White "Hollan, Martin"]
[Black "Bognar, Csaba Dr."]
[Result "1/2-1/2"]
[WhiteTitle "FM"]
[BlackTitle "FM"]
[WhiteElo "2347"]
[BlackElo "2101"]
[WhiteFideId "360937"]
[BlackFideId "709760"]
[EventDate "2024.11.08"]

1. e4 d6 2. d4 Nf6 3. Nc3 g6 4. Nf3 Bg7 5. Be3 O-O 6. Qd2 c6 7. Bh6 b5 8. Bd3 a6
9. h4 Bxh6 10. Qxh6 Ng4 11. Qd2 h5 12. e5 dxe5 13. dxe5 Qc7 14. O-O-O Kg7 15.
Rde1 b4 16. Ne4 c5 17. Bc4 Ra7 18. Qf4 Nd7 19. Ng3 f6 20. Nxh5+ gxh5 21. exf6+
Ndxf6 22. Qg5+ Kh8 23. Ne5 Nxe5 24. Rxe5 Nh7 25. Qg3 e6 26. Qe3 Qf7 27. f3 Qf4
28. Qxf4 Rxf4 29. Rxc5 Bd7 30. Kd2 Kg7 31. Ke3 Rf5 32. Rxf5 exf5 33. Rd1 Nf6 34.
Rd6 a5 35. Kf4 Rc7 36. Bd3 Rc5 37. g3 Kf7 38. Ke3 Ke7 39. Ra6 Be6 40. Kd4 Rd5+
41. Ke3 Rc5 42. a3 bxa3 43. bxa3 Re5+ 44. Kd2 Rc5 45. Ra7+ Kd6 46. Ra6+ Ke7 47.
Ra7+ Kd6 48. Ra6+ Ke7 1/2-1/2

[Event "24th ch-EUR Indiv 2024"]
[Site "Petrovac MNE"]
[Date "2024.11.09"]
[Round "2.133"]
[White "Coursaget, Nicolas"]
[Black "Filip, Lucian-Ioan"]
[Result "1/2-1/2"]
[WhiteTitle "FM"]
[BlackTitle "IM"]
[WhiteElo "2101"]
[BlackElo "2341"]
[WhiteFideId "610127"]
[BlackFideId "1208900"]
[EventDate "2024.11.08"]

1. d4 Nf6 2. Nc3 e6 3. Bg5 h6 4. Bh4 Bb4 5. e3 c5 6. Bd3 Nc6 7. Ne2 d5 8. dxc5
O-O 9. O-O Bxc5 10. Bg3 Nh5 11. Nf4 Nxg3 12. hxg3 Ne5 13. Be2 Bd7 14. Nd3 Bd6
15. e4 dxe4 16. Nxe4 Bc7 17. Nxe5 Bxe5 18. c3 Qe7 19. Qc2 Rad8 20. Rad1 Bc7 21.
Bf3 Bc6 22. Rxd8 Rxd8 23. Rd1 Bb6 24. Rxd8+ Qxd8 25. Qe2 Qc7 26. c4 Qe5 27. b4
f5 28. Nd2 Qxe2 29. Bxe2 a6 30. Bf3 Bxf3 31. Nxf3 1/2-1/2

[Event "24th ch-EUR Indiv 2024"]
[Site "Petrovac MNE"]
[Date "2024.11.09"]
[Round "2.134"]
[White "Szwed, Jacek"]
[Black "Baghirov, Orkhan"]
[Result "1-0"]
[WhiteTitle "FM"]
[WhiteElo "2341"]
[BlackElo "2097"]
[WhiteFideId "1126431"]
[BlackFideId "13433369"]
[EventDate "2024.11.08"]

1. e4 e6 2. d4 d5 3. Nd2 c5 4. Ngf3 cxd4 5. Nxd4 Nc6 6. Bb5 Bd7 7. Nxc6 Bxc6 8.
Bxc6+ bxc6 9. c4 Nf6 10. Qa4 Qc7 11. exd5 exd5 12. O-O Be7 13. cxd5 Nxd5 14. Nf3
O-O 15. Bd2 Bf6 16. Rab1 Rab8 17. b3 Rfc8 18. Rbc1 c5 19. Rc2 Nb4 20. Rc4 Nd3
21. Qa6 Rb6 22. Qa5 Ne5 23. Nxe5 Bxe5 24. h3 Qb7 25. Rxc5 Rxc5 26. Qxc5 Rg6 27.
g4 Bd6 28. Qf5 Rf6 29. Qd3 Qd7 30. Kg2 h5 31. f3 hxg4 32. hxg4 Qb7 33. Re1 Bf8
34. Re8 Re6 35. Qd8 Rxe8 36. Qxe8 Qb6 37. Qe4 Qf6 38. Qc2 Qe5 39. Bc3 Qf4 40.
Qd2 Qc7 41. Qd4 Qe7 42. Qd3 Qa3 43. Qd2 a6 44. Qb2 Qd6 45. Be1 Qd3 46. Qd2 Qb5
47. Qc2 Qe5 48. Bg3 Qd5 49. a4 Qd4 50. Bf2 Qe5 51. Qc4 a5 52. Qd4 Qe2 53. Qd8
Qe5 54. Qd4 Qe2 55. Qd5 Bb4 56. Qa8+ Kh7 57. Qe4+ Qxe4 58. fxe4 Kg6 59. Bh4 f6
60. Kf1 Bc5 61. Ke2 Kf7 62. Be1 Bb6 63. Kd3 Ke6 64. Kc4 Ke5 65. Kb5 Bd4 66. Bxa5
Kf4 67. Bb6 Be5 1-0

[Event "24th ch-EUR Indiv 2024"]
[Site "Petrovac MNE"]
[Date "2024.11.09"]
[Round "2.135"]
[White "Fruebing, Stefan"]
[Black "Giacomini, Hector"]
[Result "1/2-1/2"]
[WhiteTitle "IM"]
[WhiteElo "2336"]
[BlackElo "2095"]
[WhiteFideId "4682165"]
[BlackFideId "605352"]
[EventDate "2024.11.08"]

1. e4 c6 2. d4 d5 3. e5 c5 4. dxc5 e6 5. a3 Nc6 6. Nf3 Bxc5 7. b4 Bb6 8. Bb2 f6
9. Bd3 fxe5 10. Nxe5 Nf6 11. Nd2 a5 12. O-O O-O 13. b5 Nxe5 14. Bxe5 Bd7 15. a4
Rc8 16. c4 Be8 17. Rc1 Qe7 18. Nb3 Nd7 19. Bg3 Bf7 20. cxd5 Rxc1 21. Qxc1 exd5
22. Qc2 h6 23. Rc1 Qb4 24. Bf5 Re8 25. h3 Nf6 26. Nc5 Bxc5 27. Qxc5 Qxa4 28. f3
d4 29. Bf2 Nd5 30. Qxd4 Qxb5 31. Rc5 Qb3 32. Rxa5 Nc3 33. Kh2 Ne2 34. Qd6 Qb2
35. Rc5 Qb4 36. Be4 Nc3 37. Bd3 b6 38. Rc6 Qxd6+ 39. Rxd6 b5 40. Rb6 Rd8 41.
Bxb5 Nxb5 42. Rxb5 Rd7 43. h4 Kh7 44. Be3 Re7 45. Bd4 Rd7 46. Rb4 Rc7 47. Bf2
Rd7 48. Kg3 Rc7 49. Rb2 Bg6 50. Bd4 Rd7 51. Be5 Re7 52. Kf4 Rf7+ 53. Ke3 Re7 54.
Rb5 h5 55. Rc5 Rf7 56. Bc3 Rd7 57. Kf4 Bf7 58. Rg5 Bg6 59. Ke5 Bf7 60. Ke4 Bg6+
61. Kf4 Rc7 62. Bd4 Rd7 63. Ke3 Rb7 64. Ra5 Rd7 65. Be5 Rf7 66. Rc5 Rd7 67. Bd4
Rf7 68. Bc3 Rf5 69. Rc8 Rf7 70. Be5 Rf5 71. Kd4 Rf7 72. Kd5 Bf5 73. Rb8 Bd3 74.
Rb2 Bf5 75. Bd6 Bd3 76. Kd4 Rd7 77. Ke5 Rf7 78. Rd2 Bc4 79. Kd4 Bb3 80. Re2 Kg6
81. Rb2 Rb7 82. Ke5 Bd5 83. Rd2 Bf7 84. Kf4 Rb5 85. Be5 Rb4+ 86. Kg3 Rb7 87.
Rd6+ Kh7 88. Kf4 Rb5 89. Rd7 Kg6 90. Re7 Rb4+ 91. Kg3 Rb6 92. Rc7 Ra6 93. Bc3
Ra2 94. f4 Ra3 95. f5+ Kh7 96. Kf4 Ra4+ 97. Ke5 Kg8 98. Bd4 Ra2 99. g3 Ra3 100.
Kf4 Ra4 101. Rd7 Ra3 102. Be5 Ra4+ 103. Ke3 Ra3+ 104. Kd4 Ra4+ 105. Kc3 Ra5 106.
Kd4 Ra4+ 107. Ke3 Ra3+ 108. Ke4 Ra4+ 109. Bd4 Ra3 110. Kf4 Rd3 111. g4 hxg4 112.
Kxg4 Rd2 113. h5 Rg2+ 114. Kh3 Rg5 115. Rd8+ Kh7 116. h6 Rh5+ 117. Kg4 Rxh6 118.
Rd7 Kg8 119. Rd8+ Kh7 120. Kg5 Rh5+ 121. Kf4 Rh2 122. Rd7 Kg8 123. f6 gxf6 124.
Bxf6 Rf2+ 125. Kg5 Rg2+ 126. Kh4 Rg4+ 127. Kxg4 Be6+ 128. Kg5 Bxd7 129. Kg6 1/2-1/2

[Event "24th ch-EUR Indiv 2024"]
[Site "Petrovac MNE"]
[Date "2024.11.09"]
[Round "2.136"]
[White "Pirvulescu, Ekaterina"]
[Black "Vagman, Roy"]
[Result "0-1"]
[WhiteTitle "WFM"]
[BlackTitle "FM"]
[WhiteElo "2086"]
[BlackElo "2322"]
[WhiteFideId "13506374"]
[BlackFideId "2828995"]
[EventDate "2024.11.08"]

1. e4 c6 2. d4 d5 3. exd5 cxd5 4. Bd3 Nf6 5. h3 g6 6. Nf3 Nc6 7. O-O Bf5 8. Bxf5
gxf5 9. c4 dxc4 10. Nc3 Nd5 11. Qa4 Nb6 12. Qb5 e6 13. Ne5 Rc8 14. Nxc6 bxc6 15.
Qe5 Rg8 16. Re1 Be7 17. Bf4 h5 18. Rac1 h4 19. Bh2 Kf8 20. Rc2 Qd7 21. a4 Nd5
22. Nd1 Nb4 23. Rxc4 Nd3 24. Qe2 Nxe1 25. Qxe1 Rxg2+ 26. Kxg2 Qd5+ 27. f3 Qxc4
28. Qe5 f6 29. Qe3 Kf7 30. Nc3 Rg8+ 31. Kf2 c5 0-1

[Event "24th ch-EUR Indiv 2024"]
[Site "Petrovac MNE"]
[Date "2024.11.10"]
[Round "3.1"]
[White "Romanov, Evgeny"]
[Black "Fedoseev, Vladimir3"]
[Result "1/2-1/2"]
[WhiteTitle "GM"]
[BlackTitle "GM"]
[WhiteElo "2584"]
[BlackElo "2712"]
[WhiteFideId "4148843"]
[BlackFideId "24130737"]
[EventDate "2024.11.08"]

1. e4 c6 2. c4 d5 3. exd5 cxd5 4. cxd5 Nf6 5. Qa4+ Nbd7 6. Nc3 g6 7. Bc4 Bg7 8.
Nf3 O-O 9. d3 a6 10. Qa3 b6 11. O-O Bb7 12. Re1 Re8 13. Bd2 Bf8 14. d4 b5 15.
Qb3 Nb6 16. Bf1 Qd6 17. Ng5 Bxd5 18. Nxd5 Qxd5 19. Qxd5 Nfxd5 20. b3 Rec8 21.
Nf3 e6 22. a3 Rc2 23. Bd3 Rb2 24. Reb1 Rxb1+ 25. Bxb1 a5 26. Bd3 a4 27. b4 Nc4
28. Bxc4 bxc4 29. Rc1 Rc8 30. Rc2 c3 31. Be1 Bxb4 32. axb4 a3 33. Kf1 Ra8 34.
Ra2 Nxb4 35. Ra1 Rc8 36. Rxa3 c2 37. Bd2 c1=Q+ 38. Bxc1 Rxc1+ 39. Ke2 Nd5 40.
Ra8+ Kg7 41. Ra7 Rc2+ 42. Ke1 Kf6 43. Ne5 Rc7 44. Rxc7 Nxc7 45. Ke2 g5 46. Kd3
h5 47. g3 Nb5 48. Nc4 Ke7 49. Ne3 Nd6 50. Ng2 Nf5 51. Ne3 Nd6 52. Ng2 Kf6 53. h4
gxh4 54. Nxh4 Kg5 55. f3 Nb5 56. Ng2 Nc7 57. Ke4 Nb5 58. Ne3 Kf6 59. Nc4 Nc3+
60. Kd3 Nd5 61. Ke4 Ke7 62. Ne5 f6 63. Ng6+ Kf7 64. Nh4 Nc3+ 65. Kd3 Nd5 66. Ke4
Ne7 67. g4 hxg4 68. fxg4 Nd5 69. Ng2 Ke7 70. Ne3 Nxe3 71. Kxe3 Kd6 72. Ke4 Kc6
73. Kf4 Kd5 74. Ke3 Kc6 75. Ke4 Kd6 76. Kf4 Ke7 77. g5 fxg5+ 78. Kxg5 Kd6 79.
Kf6 Kd5 80. Ke7 Kxd4 81. Kxe6 1/2-1/2

[Event "24th ch-EUR Indiv 2024"]
[Site "Petrovac MNE"]
[Date "2024.11.10"]
[Round "3.2"]
[White "Deac, Bogdan-Daniel"]
[Black "Laurent-Paoli, Pierre"]
[Result "1-0"]
[WhiteTitle "GM"]
[BlackTitle "GM"]
[WhiteElo "2687"]
[BlackElo "2583"]
[WhiteFideId "1226380"]
[BlackFideId "26017962"]
[EventDate "2024.11.08"]

1. Nf3 d5 2. d4 Nf6 3. c4 e6 4. Nc3 Bb4 5. Bg5 h6 6. Bxf6 Qxf6 7. e3 c5 8. Rc1
dxc4 9. dxc5 O-O 10. Bxc4 Nd7 11. c6 Ne5 12. Nxe5 Qxe5 13. Qb3 Ba5 14. Qb5 Qxb5
15. Bxb5 bxc6 16. Bd3 c5 17. Ke2 Bb7 18. f3 Rac8 19. Na4 Bb6 20. Bb5 Rfd8 21.
Rhd1 Rd5 22. e4 Rxd1 23. Rxd1 Rd8 24. Rxd8+ Bxd8 25. Nxc5 Ba8 26. Ba6 Bc7 27. g3
Bd6 28. b4 g5 29. Kd3 Kg7 30. Kd4 Kf6 31. a4 h5 32. Nd3 Bc7 33. a5 h4 34. f4
hxg3 35. hxg3 gxf4 36. gxf4 Ke7 37. e5 f6 38. Bc4 Bg2 39. Nc5 fxe5+ 40. fxe5 Bh3
41. Na6 Bd8 42. Bd3 Kd7 43. Bb5+ Kc8 44. Nc5 Bh4 45. Bd7+ Kc7 46. Bxe6 Bf2+ 47.
Kc3 Be1+ 48. Kb3 Bg2 49. Bf5 Bd5+ 50. Ka4 Bc3 51. e6 Kd6 52. Kb5 Bd2 53. Nd3 Bb7
54. Bg6 Be3 55. Nc5 Bd5 56. Bf7 Bd2 57. Nd3 Bf3 58. Ne5 Be2+ 59. Nc4+ Ke7 60.
Kc5 Be1 61. Ne5 Bf2+ 62. Kd5 a6 63. Bg6 Bf1 64. Nc6+ Kf6 65. e7 Bg2+ 66. Be4
Bxe4+ 67. Kxe4 Kf7 68. Kd5 Ke8 69. Kd6 Bg3+ 70. Ke6 Bf2 71. b5 axb5 72. a6 Bc5
73. a7 Bxa7 74. Nxa7 b4 75. Nb5 b3 76. Nd6# 1-0

[Event "24th ch-EUR Indiv 2024"]
[Site "Petrovac MNE"]
[Date "2024.11.10"]
[Round "3.3"]
[White "Saric, Ivan"]
[Black "Gumularz, Szymon"]
[Result "1/2-1/2"]
[WhiteTitle "GM"]
[BlackTitle "GM"]
[WhiteElo "2668"]
[BlackElo "2579"]
[WhiteFideId "14508150"]
[BlackFideId "1188062"]
[EventDate "2024.11.08"]

1. e4 e6 2. d4 d5 3. Nc3 Nf6 4. Bg5 dxe4 5. Nxe4 Be7 6. Bxf6 gxf6 7. Qd2 c5 8.
Nxc5 Bxc5 9. dxc5 Qxd2+ 10. Kxd2 a5 11. g3 Ke7 12. Re1 Rd8+ 13. Kc1 Bd7 14. Bg2
Bc6 15. Bxc6 Nxc6 16. Ne2 Rd5 17. Nc3 Rxc5 18. Ne4 Re5 19. f4 Rh5 20. Rd1 Rd8
21. Rxd8 Nxd8 22. h4 Rd5 23. Rd1 Rxd1+ 24. Kxd1 f5 25. Nd2 Nc6 26. a4 h5 27. Nc4
f6 28. c3 e5 29. Kd2 Ke6 30. Kd3 Kd7 31. Ne3 Ne7 32. b4 exf4 33. gxf4 Ng6 34.
Nxf5 Nxf4+ 35. Kc4 axb4 36. cxb4 Kc6 37. a5 Kc7 38. b5 Ne6 39. Ne7 Kd6 40. Nf5+
Kc7 41. b6+ Kc6 42. Ne7+ Kd6 43. Nd5 Kc6 44. Nxf6 Nf4 45. Ng8 Nd5 46. Nh6 Ne3+
47. Kb4 Nd5+ 48. Kc4 Ne3+ 49. Kd4 Ng2 50. Nf7 Kb5 51. Nd8 Kxa5 52. Nxb7+ 1/2-1/2

[Event "24th ch-EUR Indiv 2024"]
[Site "Petrovac MNE"]
[Date "2024.11.10"]
[Round "3.5"]
[White "Yilmaz, Mustafa"]
[Black "Bjerre, Jonas Buhl"]
[Result "1/2-1/2"]
[WhiteTitle "GM"]
[BlackTitle "GM"]
[WhiteElo "2568"]
[BlackElo "2654"]
[WhiteFideId "6302718"]
[BlackFideId "1444948"]
[EventDate "2024.11.08"]

1. d4 Nf6 2. c4 e6 3. Nf3 d5 4. Nc3 Bb4 5. Bg5 h6 6. Bxf6 Qxf6 7. Qa4+ Nc6 8. e3
O-O 9. Be2 Bxc3+ 10. bxc3 Bd7 11. Qa3 b6 12. O-O dxc4 13. Bxc4 Na5 14. Ba6 Bc8
15. Bxc8 Rfxc8 16. Nd2 c5 17. Nb3 Nc4 18. Qa6 cxd4 19. cxd4 Rc7 20. Rac1 Rac8
21. Rc3 Nd6 22. Rxc7 Rxc7 23. Rc1 Ne4 24. f3 Qg5 25. Qd3 Rxc1+ 26. Nxc1 Nf6 27.
Qd2 Qb5 28. e4 Qc4 29. Kf2 a5 30. Ne2 Nd7 31. Qb2 b5 32. Qb3 Qc6 33. Qc3 Qb6 34.
Qc8+ Nf8 35. Qc5 Qa6 36. a3 Qb7 37. Nc3 b4 1/2-1/2

[Event "24th ch-EUR Indiv 2024"]
[Site "Petrovac MNE"]
[Date "2024.11.10"]
[Round "3.6"]
[White "Bluebaum, Matthias"]
[Black "Sanal, Vahap"]
[Result "1-0"]
[WhiteTitle "GM"]
[BlackTitle "GM"]
[WhiteElo "2654"]
[BlackElo "2561"]
[WhiteFideId "24651516"]
[BlackFideId "6300545"]
[EventDate "2024.11.08"]

1. c4 c6 2. Nf3 d5 3. e3 Nf6 4. Nc3 Nbd7 5. d4 e6 6. h3 Bd6 7. Bd3 dxc4 8. Bxc4
b5 9. Bd3 Bb7 10. O-O O-O 11. e4 e5 12. dxe5 Nxe5 13. Nxe5 Bxe5 14. Be3 Re8 15.
Qc2 Bd4 16. Rfe1 a6 17. Rad1 Bxe3 18. Rxe3 Qc7 19. a4 Rad8 20. e5 Nd7 21. Bxh7+
Kh8 22. Bf5 Nxe5 23. Rxd8 Qxd8 24. Qe2 Qg5 25. Bd7 Re7 26. Ne4 Qf4 27. Nc5 Qd4
28. Bf5 g6 29. Nd3 gxf5 30. Qh5+ Kg7 31. Qg5+ Kf8 32. Qh6+ Ke8 33. Nxe5 1-0

[Event "24th ch-EUR Indiv 2024"]
[Site "Petrovac MNE"]
[Date "2024.11.10"]
[Round "3.7"]
[White "Can, Emre"]
[Black "Svane, Frederik"]
[Result "0-1"]
[WhiteTitle "GM"]
[BlackTitle "GM"]
[WhiteElo "2559"]
[BlackElo "2654"]
[WhiteFideId "6302181"]
[BlackFideId "12923044"]
[EventDate "2024.11.08"]

1. d4 Nf6 2. c4 e6 3. Nf3 Bb4+ 4. Nbd2 O-O 5. a3 Bxd2+ 6. Qxd2 d6 7. b3 Nbd7 8.
Bb2 b6 9. e3 Bb7 10. Be2 Ne4 11. Qc2 f5 12. O-O Rf6 13. d5 Rh6 14. Rad1 e5 15.
g3 Qf6 16. Nd2 Qg6 17. Nxe4 fxe4 18. f4 exf3 19. Qxg6 Rxg6 20. Bxf3 Bc8 21. Be4
Rf6 22. Bc2 Rxf1+ 23. Rxf1 Nf6 24. Kg2 Bd7 25. e4 c5 26. b4 Rc8 27. Bd3 Be8 28.
bxc5 bxc5 29. Bc3 Rb8 30. Rb1 Rxb1 31. Bxb1 Bg6 32. Kf3 Bh5+ 33. Kf2 Ng4+ 34.
Kg1 Bg6 35. Kg2 Ne3+ 36. Kf3 Nxc4 37. a4 Kf8 38. a5 Be8 39. Bd3 Na3 40. Bb2 Bb5
41. Bxa3 Bxd3 42. Bc1 Ke8 43. Bd2 Bc2 44. Ke3 Kd7 45. a6 Ba4 46. Ba5 Bb5 47. h4
Bxa6 48. Bc3 Bf1 49. Ba5 g6 50. g4 Bh3 51. g5 Bf1 52. Bc3 Kc7 53. Ba5+ Kc8 54.
Bc3 Kc7 55. Ba5+ Kb7 56. Bd8 c4 57. Ba5 Ka6 58. Bb4 Kb5 59. Bxd6 c3 60. Bxe5 Kc4
61. Bc7 Kb3 62. Kd4 c2 63. Bf4 a5 64. e5 a4 65. e6 a3 66. Kc5 a2 67. e7 a1=Q 68.
e8=Q Qa5+ 69. Kd6 Qb4+ 0-1

[Event "24th ch-EUR Indiv 2024"]
[Site "Petrovac MNE"]
[Date "2024.11.10"]
[Round "3.8"]
[White "Mamedov, Rauf"]
[Black "Asadli, Vugar"]
[Result "1/2-1/2"]
[WhiteTitle "GM"]
[BlackTitle "GM"]
[WhiteElo "2651"]
[BlackElo "2554"]
[WhiteFideId "13401653"]
[BlackFideId "13405764"]
[EventDate "2024.11.08"]

1. e4 e5 2. Nf3 Nc6 3. Bc4 Nf6 4. d3 Be7 5. Nbd2 O-O 6. O-O d6 7. a4 a5 8. c3
Be6 9. Re1 h6 10. Nf1 Bxc4 11. dxc4 Nb8 12. Qc2 Nbd7 13. Ne3 Re8 14. b3 Bf8 15.
Ba3 g6 16. Rad1 h5 17. h3 b6 18. g3 Bh6 19. Kg2 Nc5 20. Nd5 Nfd7 21. Ne3 Nf6 22.
Nd5 Nfd7 23. Ne3 Nf6 24. Nd5 Nfd7 25. Ne3 Nf6 26. Nd5 Nfd7 27. Ne3 Nf6 28. Nd5
Nfd7 1/2-1/2

[Event "24th ch-EUR Indiv 2024"]
[Site "Petrovac MNE"]
[Date "2024.11.10"]
[Round "3.9"]
[White "Sjugirov, Sanan"]
[Black "Ivanisevic, Ivan"]
[Result "1/2-1/2"]
[WhiteTitle "GM"]
[BlackTitle "GM"]
[WhiteElo "2649"]
[BlackElo "2544"]
[WhiteFideId "4189302"]
[BlackFideId "912417"]
[EventDate "2024.11.08"]

1. Nf3 d5 2. g3 Nd7 3. d4 e6 4. c4 dxc4 5. Bg2 Ngf6 6. O-O c6 7. a4 b6 8. Nc3
Be7 9. e4 O-O 10. Bf4 Bb7 11. Nd2 Ba6 12. Qe2 Rc8 13. Rfd1 Re8 14. Nxc4 Nd5 15.
Bd2 Nb4 16. Be1 Bxc4 17. Qxc4 Nc2 18. Rac1 Nxe1 19. Rxe1 c5 20. e5 1/2-1/2

[Event "24th ch-EUR Indiv 2024"]
[Site "Petrovac MNE"]
[Date "2024.11.10"]
[Round "3.10"]
[White "Nasuta, Grzegorz"]
[Black "Grandelius, Nils"]
[Result "1/2-1/2"]
[WhiteTitle "GM"]
[BlackTitle "GM"]
[WhiteElo "2543"]
[BlackElo "2645"]
[WhiteFideId "1141686"]
[BlackFideId "1710400"]
[EventDate "2024.11.08"]

1. e4 c5 2. Nf3 Nc6 3. Bb5 e6 4. Bxc6 bxc6 5. d3 Qc7 6. O-O Ne7 7. Re1 e5 8. c3
Ng6 9. d4 d6 10. Be3 Be7 11. Nbd2 O-O 12. dxe5 dxe5 13. Qa4 Bg4 14. h3 Be6 15.
b3 h6 16. Qa3 c4 17. Bc5 Bxc5 18. Qxc5 cxb3 19. axb3 Qb6 20. Ra5 Rad8 21. Nc4
Bxc4 22. bxc4 Rd3 23. Nxe5 1/2-1/2

[Event "24th ch-EUR Indiv 2024"]
[Site "Petrovac MNE"]
[Date "2024.11.10"]
[Round "3.11"]
[White "Kollars, Dmitrij"]
[Black "Subelj, Jan"]
[Result "1/2-1/2"]
[WhiteTitle "GM"]
[BlackTitle "GM"]
[WhiteElo "2641"]
[BlackElo "2535"]
[WhiteFideId "12909572"]
[BlackFideId "14618583"]
[EventDate "2024.11.08"]

1. e4 e5 2. Nf3 Nc6 3. Bb5 a6 4. Ba4 Nge7 5. O-O Ng6 6. d4 exd4 7. Nxd4 Nxd4 8.
Qxd4 b5 9. Bb3 Bb7 10. c4 c5 11. Qd3 b4 12. Be3 Be7 13. Nd2 O-O 14. Rad1 d6 15.
Bc2 Qc7 16. Qe2 Bf6 17. b3 Rfe8 18. f4 Bc3 19. Qh5 Bxd2 20. Bxd2 Bxe4 21. Bxe4
Rxe4 22. Qd5 Ree8 23. f5 Ne7 24. Qd3 f6 25. Bf4 Rad8 26. Rfe1 Nc8 27. Rxe8+ Rxe8
28. Bxd6 Nxd6 29. Qxd6 Qxd6 30. Rxd6 Re5 31. Rxa6 Rxf5 1/2-1/2

[Event "24th ch-EUR Indiv 2024"]
[Site "Petrovac MNE"]
[Date "2024.11.10"]
[Round "3.12"]
[White "Grigoriants, Sergey"]
[Black "Korobov, Anton"]
[Result "1/2-1/2"]
[WhiteTitle "GM"]
[BlackTitle "GM"]
[WhiteElo "2531"]
[BlackElo "2636"]
[WhiteFideId "4130804"]
[BlackFideId "14105730"]
[EventDate "2024.11.08"]

1. e4 e6 2. d4 d5 3. Nc3 Nf6 4. e5 Nfd7 5. f4 c5 6. Nf3 Nc6 7. Be3 Qb6 8. Na4
Qa5+ 9. c3 b6 10. Kf2 Ba6 11. b4 cxb4 12. cxb4 Nxb4 13. a3 Nd3+ 14. Kg3 Bb5 15.
Bxd3 Qxa4 16. Bc2 Qa6 17. f5 exf5 18. Bxf5 g6 19. Bc2 Bg7 20. a4 Be2 21. Qd2 O-O
22. Rae1 Bxf3 23. gxf3 Rac8 24. h4 Rfe8 25. h5 Qa5 26. Bb3 Qxd2 27. Bxd2 Nb8 28.
hxg6 hxg6 29. Be3 1/2-1/2